Vampire the Masquerade: Lexicon - Statistics

General Stats
  • This quiz has been taken 27 times
  • The average score is 12 of 13
Answer Stats
Hint Answer % Correct
(n.) a ruler of a city or a large domain Prince
100%
(n.) a human, the opposite of kindred Kine
95%
(n.) a kindred who feeds on mortals while they sleep Sandman
95%
(n.) an act of feeding, based on its pleasing sensation The Kiss
95%
(n.) an archaic term for kindred blood Vitae
95%
(n.) a sentencing of death, by one's own kind, from the Camarilla Blood Hunt
89%
(n.) a location devoted to the Tremere Chantry
89%
(n.) a kindred that one has sired, in the plural Childer
89%
(n.) an act of murder via feeding on another kindred Diablerie
89%
(n.) an apocolyptic event that ends with the death of younger kindred Gehenna
89%
(n.) a kindred's dwelling place or secure area Haven
89%
(n.) a kindred or mortal who is blood bound to a kindred Thrall
89%
(n.) a member of the third generation of kindred Antediluvian
79%
No matching quizzes found
Score Distribution
Percent of People with Each Score
Percentile by Number Answered
Your Score History
You have not taken this quiz